000 00626cam a2200193ka 4500
001 000016238
003 UkOxU
005 20200929164331.0
008 500101s1928 xx 000 0 und d
035 _aOCLC pks02310629 from D941118K
040 _aDO-SdBNP
_cEQO
082 _aD0502001803
100 1 _aBernaldo de Quirós, Constancio,
_d1873-1959.
_930005
245 1 4 _aLos derechos sociales de los campesinos.
260 _aMadrid,
_c(1928).
440 0 _aBibl. Marvá ;
_vvol. 4
_936293
852 _712790877
_yIn place
_5502001804
910 _aCatalogación derivada
999 _c15775
_d15775